00619nam a2200169 i 450000100060000000300090000600500170001500700030003200800410003510000370007624500900011326000350020330000400023885200320027899900170031095201220032760250ES-MaACL20230906164206.0t|031104s1969 sp ||||1| spa d1 aEspaña Paya, Joaquín.94776313aLa codorniz y otras aves afines b: su biología y caza / cJoaquín España Paya. aBarcelona : bPulide, c[1969] a138 p., 2 lám. : bil. ; c18 cm. aES-MaACLjC-36522 bR.70368 c60250d60250 00104070aATENEOMbATENEOMcDEPO2d2008-01-17eSCl0oC-36522p1063195r2023-02-23 00:00:00w2023-02-23yMONOGRAFIA